Alegato de Venezuela en su controversia sobre limites con Colombia / (Record no. 167171)

MARC details
000 -LEADER
campo de control de longitud fija 00701nam a2200181 i 4500
001 - NÚMERO DE CONTROL
campo de control 167171
003 - IDENTIFICADOR DE NÚMERO DE CONTROL
campo de control ES-MaACL
005 - FECHA Y HORA DE LA ÚLTIMA TRANSACCIÓN
campo de control 20230906213454.0
008 - DATOS DE LONGITUD FIJA--INFORMACIÓN GENERAL
campo de control de longitud fija 931025s1883 sp |||| | spa d
100 1# - ENTRADA PRINCIPAL--NOMBRE DE PERSONA
Nombre de persona Viso, Julián.
9 (RLIN) 133796
245 10 - MENCIÓN DEL TÍTULO
Título Alegato de Venezuela en su controversia sobre limites con Colombia /
Mención de responsabilidad, etc. [Julián Viso].
260 ## - PUBLICACIÓN, DISTRIBUCIÓN, ETC.
Lugar de publicación, distribución, etc. Madrid :
Nombre del editor, distribuidor, etc. [s.n.],
Fecha de publicación, distribución, etc. 1883 (
Fabricante Sucesores de Rivadeneyra)
300 ## - DESCRIPCIÓN FÍSICA
Extensión 282 p. ;
Dimensiones 27 cm.
594 ## - Nota al título y mención de responsabilidad
Nota al título y mención de responsabilidad Autor: p. 273.
651 #4 - PUNTO DE ACCESO ADICIONAL DE MATERIA--NOMBRE GEOGRÁFICO
Nombre geográfico Colombia-
Subdivisión general Fronteras-
Subdivisión geográfica Venezuela.
9 (RLIN) 8072
651 04 - PUNTO DE ACCESO ADICIONAL DE MATERIA--NOMBRE GEOGRÁFICO
Nombre geográfico Venezuela-
Subdivisión general Fronteras-
Subdivisión geográfica Colombia.
9 (RLIN) 9518
852 ## - LOCALIZACIÓN
Ubicación ES-MaACL
Número de control de estantería G-6665(3)
Nota libre -- Enc. hol.
-- -- Dedic. ms. de L.M. Cardozo al Ateneo de Madrid
-- -- Enc. en un vol. facticio
Holdings
Estatus retirado Estado de pérdida Estado de daño No para préstamo Colección Biblioteca de origen Biblioteca actual Ubicación en estantería Fecha de adquisición Total de préstamos Signatura topográfica completa Código de barras Visto por última vez Precio de reemplazo Tipo de ítem Koha
        Libros del s. XIX Biblioteca del Ateneo de Madrid Biblioteca del Ateneo de Madrid Depósito 2 17/01/2008   G-6665(3) 1175360 23/02/2023 23/02/2023 Libro impreso antiguo